Society in Goa : (Record no. 123969)

MARC details
000 -LEADER
fixed length control field 00685nam a22002297a 4500
005 - DATE AND TIME OF LATEST TRANSACTION
control field 20170124105933.0
010 ## - LIBRARY OF CONGRESS CONTROL NUMBER
LC control number A-943038
020 ## - INTERNATIONAL STANDARD BOOK NUMBER
Terms of availability 00.00
035 ## - SYSTEM CONTROL NUMBER
System control number A-943038
037 ## - SOURCE OF ACQUISITION
Source of stock number/acquisition Cen Lib/Ret
040 ## - CATALOGING SOURCE
Original cataloging agency DPL
Language of cataloging EN
082 ## - DEWEY DECIMAL CLASSIFICATION NUMBER
Classification number 301
Item number PHA
100 ## - MAIN ENTRY--PERSONAL NAME
Personal name Phal, S.R.
9 (RLIN) 110079
245 ## - TITLE STATEMENT
Title Society in Goa :
Statement of responsibility, etc by S.R. Phal
Remainder of title some aspects of tradition and modern trends /
260 ## - PUBLICATION, DISTRIBUTION, ETC. (IMPRINT)
Place of publication, distribution, etc Delhi
Name of publisher, distributor, etc B.R publishing coorporation
Date of publication, distribution, etc 1982
270 ## - ADDRESS
City Delhi
Address 461, Vivekanad nagar
Postal code 110052
300 ## - PHYSICAL DESCRIPTION
Extent 104p.
Dimensions 21cm(Hb)
500 ## - GENERAL NOTE
General note Includes index
650 ## - SUBJECT ADDED ENTRY--TOPICAL TERM
Topical term or geographic name as entry element Society developmet
Geographic subdivision Goa (India)
9 (RLIN) 110080
650 ## - SUBJECT ADDED ENTRY--TOPICAL TERM
Topical term or geographic name as entry element Sicial life
9 (RLIN) 110081
942 ## - ADDED ENTRY ELEMENTS (KOHA)
Source of classification or shelving scheme Dewey Decimal Classification
Koha item type English Books
Classification part 301
Call number suffix PHA
Holdings
Withdrawn status Lost status Damaged status Not for loan Home library Current library Date acquired Source of acquisition Cost, normal purchase price Total Checkouts Full call number Barcode Date last seen Copy number Cost, replacement price Price effective from Koha item type
        Central Library Central Library 13/06/2015 Cen Lib/Ret 0.00   301 PHA A-943038 13/06/2015 1 0.00 13/06/2015 English Books

© Delhi Public Library
Hit Counter
free hit counter